El libro de las demostraciones /
El libro aborda ejemplos de ideas brillantes, en el campo de las matemáticas, de lo que es una demostración perfecta. Esta dividido en demostraciones en los campos siguientes: teoría de números, geometría, análisis matemático, combinatoria y teoría de grafos. Esta compilación está limitada a pruebas...
Uloženo v:
| Hlavní autor: | |
|---|---|
| Další autoři: | |
| Médium: | Kniha |
| Jazyk: | španělština |
| Vydáno: |
Madrid, España :
Nivola,
2005, c2005
|
| Témata: | |
| Tagy: |
Žádné tagy, Buďte první, kdo vytvoří štítek k tomuto záznamu!
|
MARC
| LEADER | 00000nam^a2200000^a^4500 | ||
|---|---|---|---|
| 001 | 000185005 | ||
| 005 | 20250521000000.0 | ||
| 009 | 20260310102137.17 | ||
| 020 | |a 84-95599-95-3 | ||
| 037 | |a Acervo ITESO - Biblioteca | ||
| 041 | |a ESP | ||
| 082 | |a 510. |b AIG | ||
| 100 | |a Aigner, Martin |e (autor) | ||
| 245 | 1 | 3 | |a El libro de las demostraciones / |c M. Aigner, G.M. Ziegler ; tr. por Lourdes Figueiras, Julian Pfeifle, Pedro A. Ramos. |
| 264 | 4 | |a Madrid, España : |b Nivola, |c 2005, c2005 | |
| 300 | |a 239 p. | ||
| 336 | |a texto |b txt |2 rdacontenido | ||
| 337 | |a sin mediación |b n |2 rdamedio | ||
| 338 | |a volumen |b nc |2 rdasoporte | ||
| 500 | |a Traducción de: Proofs from The Book | ||
| 520 | |a El libro aborda ejemplos de ideas brillantes, en el campo de las matemáticas, de lo que es una demostración perfecta. Esta dividido en demostraciones en los campos siguientes: teoría de números, geometría, análisis matemático, combinatoria y teoría de grafos. Esta compilación está limitada a pruebas que resulten compresibles para todos los lectores con un dominio básico de las técnicas y conceptos matemáticos. | ||
| 590 | |a Traducción de la 3a edición en inglés | ||
| 649 | |a XX | ||
| 650 | |a Matemáticas | ||
| 700 | |a Ziegler, Günter M. |e (autor) | ||
| 910 | |a Fondo General | ||
| 920 | |a Impresos - Libros | ||
| 930 | |a Colección General | ||
| 905 | |a 101 | ||
| 901 | |a 0500125998 |b IT1 |c ACC |u 20250521 | ||
| 902 | |a https://opac.biblio.iteso.mx/vufind/Record/000185005 | ||